000 01056nam a2200265 i 4500
001 169842
003 ES-MaACL
005 20250917063058.0
008 081204s1962 sp |||| | spa d
080 _a811.133.1(076)
100 1 _aDaudet, Alphonse,
_d1840-1897
_942799
245 1 3 _aEl sitio de Berlín
_b= (La siège de Berlin) /
_cAlphonse Daudet ; traducido y anotado por Lilianne Velu.
260 _aMadrid :
_bSuarro, [J.L. Suárez Rodríguez,
_c1962]
300 _a32 p. ;
_c17 cm.
490 1 _aBiblioteca didáctica bilingüe.
_aSerie A, Francés ;
_v3
546 _aTexto en español y francés.
598 _aBiblioteca didáctica bilingüe / dir. y ed., José Luis Suárez Rodríguez.
650 1 4 _aLengua francesa-
_vLecturas.
_9139019
700 1 _aVelu, Lilianne.
_9139017
700 1 _aSuárez Rodríguez, José Luis,
_d1931-2020
_9108655
740 3 2 _aLa siège de Berlin.
830 0 _aBiblioteca didáctica bilingüe.
_aSerie A, Francés ;
_v3
_9188899
852 _aES-MaACL
_j2239-F-26
999 _c169842
_d169842